000 00573nam a2200181 a 4500
001 000004787
005 20200929151513.0
008 090727s1988 dr a 001 spa d
040 _aDO-SdBNP
082 _aR789p
100 1 _aRosario, Gumersindo del.
_913911
245 1 0 _aPrivatización de los sistemas de salud. :
_bGumersindo del Rosario, Susana Gámez.
260 _aSanto Domingo, :
_bFundación Friedrich Ebert,
_c1988.
300 _a50 p. :
_bil ;
_c24 cm.
440 0 _aEstudios económico-sociales
_97893
500 _aIncluye tabla de contenido
049 _aBNPD
999 _c4593
_d4593